1099 1060 1844 1257 1034 1937 1232 1901 1143 1641 1108 1329 1376 1292 1752 1093 1523 1730 1020 1183 1861 1955 1069 1638 1468 1142 1450 1237 1258 1280 1353 1861 1528 1242 1579 1603 1546 1533 1413 1828 1449 1457 1442 1724 1224 1711 1378 1452 1162 1454 1121 1181 1614 1281 1886 1908 1080 1233 1058 1223 1963 1860 1505 1247 1007 1409 1758 1795 1305 1398 1185 1526 1670 1789 1717 1011 1945 1019 1184 1116 1968 1320 1115 1096 1191 1612 1801 1643 1897 1198 1442 1292 1081 1835 1579 1457 1476 1271 1893 BCNSPRNW ULIB Ver.6.0+V

เปลี่ยนเป็นภาษาไทย

Change to English
 แสดงรายละเอียดบรรณานุกรม
  กลับหน้าหลัก

Brief Record : Get Marc (ISO 2709) : E-mail record : QR code < ปิดหน้าต่าง
LEADER : 00000nam 2200000uu 4500
001    13399120504
003     ULIB
008    120921s2547||||th 000 0 tha d
020    ^a9741331975
060 04 ^aWB115^bว711ค 2547
100 0  ^aวิโรจน์ ไววานิชกิจ
245 10 ^aความรู้เบื้องต้นเกี่ยวกับการเจาะเลือด =^bIntroduction tovenipuncture /^cวิโรจน์ ไววานิชกิจ
246 31 ^aIntroduction to venipuncture
250    ^aพิมพ์ครั้งที่ 1
260    ^aกรุงเทพฯ :^bสำนักพิมพ์แห่งจุฬาลงกรณ์มหาวิทยาลัย,^c2547
300    ^a103 หน้า :^bภาพประกอบ ;^c22 ซม.
650  7 ^aการเจาะเลือด
650  7 ^aเลือด
945    ^p80^l0^i16132
995    ^aกัณชพร
999 ^a ใช้งานได้ทุกระบบ
รายการนี้ยังไม่มีแท็ก
คุณยังไม่ได้ล็อกอิน คุณสามารถมีกิจกรรมร่วมกับเว็บไซต์ได้ แต่ต้องล็อกอินก่อน ::
  ล็อกอิน

รายการสื่อสารสนเทศ

ลำดับที่ ประเภท เลขเรียก/บาร์โค้ด สถานที่ สถานะ
1. วิทยาศาสตร์การแพทย์ และสุขภาพ
วิทยาศาสตร์การแพทย์ และสุขภาพ
WB115 ว711ค 2547  
  Barcode: 16132
ห้องสมุดวิทยาเขตสวรรค์ประชารักษ์
►หนังสือทั่วไป
ถูกยืม กำหนดส่งวันที่ 11 พฤษภาคม 2558
  จอง

รายการใกล้เคียง
    ผู้แต่ง [วิโรจน์ ไววานิชกิจ]

    หัวเรื่อง [การเจาะเลือด]
    หัวเรื่อง [เลือด]

BibComment


ยังไม่เคยถูกคอมเมนท์

คอมเมนท์ทรัพยากรรายการนี้
  คอมเมนท์: ความรู้เบื้องต้น..


 Copyright 2026. Bcnsprnw @Library